| 000 | nam a22 7a 4500 | ||
|---|---|---|---|
| 999 |
_c3071 _d3071 |
||
| 005 | 20170519105904.0 | ||
| 008 | 170519b1981 mau||||| |||| 00| 0 eng d | ||
| 020 |
_a0201055244 : _c $12.95 |
||
| 040 | _aAKMAL | ||
| 082 | _a658.3 DUC | ||
| 090 |
_a658.3 _bDUC |
||
| 100 | 1 |
_aOuchi, William G. _96381 |
|
| 245 | 1 | 0 |
_aTheory Z : _bhow American business can meet the Japanese challenge / _cWilliam G. Ouchi. |
| 260 |
_aReading, Mass. : _bAddison-Wesley, _cc1981 |
||
| 300 |
_axii, 283 p. ; _c25 cm |
||
| 500 | _aIncludes index. | ||
| 504 | _aBibliography: p. 269-271. | ||
| 650 | 0 |
_aIndustrial management _zJapan _96243 |
|
| 650 | 0 |
_a Industrial management _zUnited States _95970 |
|
| 942 |
_2ddc _cBOOK |
||